Compendio de normas internacionales de derecho internacional público.

Guardado en:
Formato: Desconocido
Idioma:Spanish
Publicado: Buenos Aires : La Ley, 2005
Edición:2a. ed.
Materias:
Etiquetas: Agregar Etiqueta
Sin Etiquetas, Sea el primero en etiquetar este registro!
LEADER 00445nac a22001455a 4500
001 DER.der013023
008 180615s2005####ag#||||||||||||||#||spa||
005 20250228134304.0
245 1 0 |a Compendio de normas internacionales de derecho internacional público. 
250 |a 2a. ed. 
260 |a Buenos Aires :  |b La Ley,  |c 2005 
300 |a 1300 p. 
020 |a 9870306438 
650 7 |a DERECHO INTERNACIONAL PUBLICO 
859 |a DERECHO  |b BIB. DERECHO  |h 341  |i COM  |p 0010193